Logarithmic and trigonometric tables
Saved in:
| Main Author: | |
|---|---|
| Format: | Book |
| Language: | English |
| Published: |
New York,
Macmillan,
1920.
|
| Edition: | Rev. ed. |
| Subjects: | |
| Tags: |
Add Tag
No Tags, Be the first to tag this record!
|
| LEADER | 00842nam a2200253K 4500 | ||
|---|---|---|---|
| 001 | 002609727-3 | ||
| 005 | 20020606093309.7 | ||
| 008 | 750127s1920 nyu eng u | ||
| 010 | |a 20017166 | ||
| 035 | 0 | |a ocm01153529 | |
| 040 | |c YNG |d SMI | ||
| 050 | 0 | |a QA531 |b .H45 | |
| 100 | 1 | 0 | |a Hedrick, E. R. |q (Earle Raymond), |d 1876-1943. |
| 245 | 1 | 0 | |a Logarithmic and trigonometric tables |c [prepared by] Earle Raymond Hedrick. |
| 250 | |a Rev. ed. | ||
| 260 | 0 | |a New York, |b Macmillan, |c 1920. | |
| 300 | |a 143 p. |b tables. | ||
| 650 | 0 | |a Mathematical tables. | |
| 650 | 0 | |a Logarithms. | |
| 650 | 0 | |a Trigonometry |v Tables. | |
| 655 | 7 | |a Tables. |2 fast | |
| 776 | 0 | 8 | |i Online version: |a Hedrick, E.R. (Earle Raymond), 1876-1943. |t Logarithmic and trigonometric tables. |b Rev. ed. |d New York, Macmillan, 1920 |w (OCoLC)557716222 |
| 988 | |a 20020608 | ||
| 906 | |0 MH | ||


